Теория вероятностей и математическая статистика (13.03.02 Электроэнергетика и электротехника): электронный курс
| Egile nagusia: | |
|---|---|
| Erakunde egilea: | |
| Gaia: | Заглавие с экрана В курсе «Теория вероятностей и математическая статистика, 13.03.02 Электроэнергетика и электротехника» рассматриваются: аксиоматика теории вероятностей, основные свойства вероятностей; понятия случайной величины, закона распределения случайной величины; функции и плотности распределения; числовых характеристик случайной величины; основные законы распределения случайных величин и их числовые характеристики; законы больших чисел; основные принципы и методы современной математической статистики; способы описания выборочных данных, основные свойства выборочных характеристик; основные принципы и методы нахождения неизвестных параметров распределения. Доступ по логину и паролю |
| Hizkuntza: | errusiera |
| Argitaratua: |
Томск, TPU Moodle, 2017
|
| Gaiak: | |
| Sarrera elektronikoa: | https://design.lms.tpu.ru/course/view.php?id=2057 |
| Formatua: | Baliabide elektronikoa Liburua |
| KOHA link: | https://koha.lib.tpu.ru/cgi-bin/koha/opac-detail.pl?biblionumber=666850 |
MARC
| LEADER | 00000nlm0a2200000 4500 | ||
|---|---|---|---|
| 001 | 666850 | ||
| 005 | 20231102030856.0 | ||
| 035 | |a (RuTPU)RU\TPU\network\38054 | ||
| 035 | |a RU\TPU\network\17196 | ||
| 090 | |a 666850 | ||
| 100 | |a 20220201d2017 m y0rusy50 ca | ||
| 101 | 0 | |a rus | |
| 102 | |a RU | ||
| 105 | |a a j 000zy | ||
| 135 | |a jrcn ---uucaa | ||
| 181 | 0 | |a i | |
| 182 | 0 | |a b | |
| 200 | 1 | |a Теория вероятностей и математическая статистика (13.03.02 Электроэнергетика и электротехника) |e электронный курс |f М. С. Шуликина |g Национальный исследовательский Томский политехнический университет, Физико-технический институт, Кафедра высшей математики и математической физики | |
| 203 | |a Текст |c электронный | ||
| 210 | |a Томск |c TPU Moodle |d 2017 | ||
| 230 | |a Электрон. дан. | ||
| 300 | |a Заглавие с экрана | ||
| 330 | |a В курсе «Теория вероятностей и математическая статистика, 13.03.02 Электроэнергетика и электротехника» рассматриваются: аксиоматика теории вероятностей, основные свойства вероятностей; понятия случайной величины, закона распределения случайной величины; функции и плотности распределения; числовых характеристик случайной величины; основные законы распределения случайных величин и их числовые характеристики; законы больших чисел; основные принципы и методы современной математической статистики; способы описания выборочных данных, основные свойства выборочных характеристик; основные принципы и методы нахождения неизвестных параметров распределения. | ||
| 333 | |a Доступ по логину и паролю | ||
| 606 | 1 | |a Вероятностей теория и математическая статистика |2 stltpush |3 (RuTPU)RU\TPU\subj\2260 |9 30847 | |
| 610 | 1 | |a электронный ресурс | |
| 610 | 1 | |a труды учёных ТПУ | |
| 610 | 1 | |a электронное обучение | |
| 610 | 1 | |a электронные курсы ТПУ | |
| 610 | 1 | |a электронные учебные пособия | |
| 610 | 1 | |a учебные пособия | |
| 610 | 1 | |a вероятности | |
| 610 | 1 | |a случайные величины | |
| 610 | 1 | |a математическое ожидание | |
| 610 | 1 | |a дисперсия | |
| 610 | 1 | |a доверительный интервал | |
| 675 | |a 519.2(075.8) |v 3 | ||
| 700 | 1 | |a Шуликина |b М. С. |c математик |c старший преподаватель Томского политехнического университета, кандидат физико-математических наук |f 1982- |g Мария Сергеевна |2 stltpush |3 (RuTPU)RU\TPU\pers\29530 | |
| 712 | 0 | 2 | |a Национальный исследовательский Томский политехнический университет |b Физико-технический институт |b Кафедра высшей математики и математической физики |h 139 |2 stltpush |3 (RuTPU)RU\TPU\col\18727 |
| 801 | 2 | |a RU |b 63413507 |c 20220628 |g RCR | |
| 856 | 4 | |u https://design.lms.tpu.ru/course/view.php?id=2057 | |
| 942 | |c CF | ||